| 000 | 00808nam a2200265 a 4500 | ||
|---|---|---|---|
| 008 | |||
| 020 | _a8122404030 (hbk.) | ||
| 049 | _aMAIN | ||
| 050 | 0 | 0 | _aTJ801 SOL |
| 245 | 1 | 0 |
_aSolar energy and energy conservation : _breviews in contemporary physics/ _cedited by Raj Kamal, K.P. Maheshwari, and R.L. Sawhney. |
| 260 |
_aNew Delhi : _bWiley easterrn, _c1992 |
||
| 300 |
_axv, 345 p. : _bill.; _c23 cm |
||
| 500 | _aIncludes bibliographical references. | ||
| 500 | _aIncludes index. | ||
| 650 | 0 | _aEnergy conservation | |
| 650 | 0 | _aSolar energy. | |
| 700 | _aMaheshwari, K.P. | ||
| 700 | _aKamal, Raj. | ||
| 700 | _aSawhney, R.L. | ||
| 907 |
_a.b10149697 _b01-02-07 _c31-01-05 |
||
| 003 | |||
| 005 | 20230123133917.0 | ||
| 040 | _cNUST | ||
| 942 | _cBOOKS | ||
| 999 |
_c156726 _d156726 |
||